000 00580nam a2200205Ia 4500
003 GCL
008 140319s9999 xx 000 0 ara d
040 _aGCL /
_cGCL
082 0 4 _a812.04
_bم د
100 1 _aمحمد دوارة
245 1 0 _aدائرة معارف الشعب /
_cمحمد دوارة
490 _aكتاب الشعب
_v0
650 0 4 _aالادب
650 0 4 _aالمسرح
650 0 4 _aالمسرحيات
650 0 4 _aالاوبرا
650 0 4 _aالمسرحيات - مجموعات
650 0 4 _aالمسرحيات العاطفية
942 _2ddc
_cBK
999 _c51584
_d51584